<?xml version="1.0" encoding="UTF-8"?>
<record
    xmlns:xsi="http://www.w3.org/2001/XMLSchema-instance"
    xsi:schemaLocation="http://www.loc.gov/MARC21/slim http://www.loc.gov/standards/marcxml/schema/MARC21slim.xsd"
    xmlns="http://www.loc.gov/MARC21/slim">

  <leader>00701nam a22001697a 4500</leader>
  <controlfield tag="003">UA-OsUOA</controlfield>
  <controlfield tag="001"> 11665 </controlfield>
  <controlfield tag="007">ta</controlfield>
  <controlfield tag="008">19961026b un ||||| |||| 00| 0 ukr d</controlfield>
  <datafield tag="942" ind1=" " ind2=" ">
    <subfield code="c">SA</subfield>
  </datafield>
  <datafield tag="040" ind1=" " ind2=" ">
    <subfield code="a">UA-OsUOA</subfield>
    <subfield code="c">UA-OsUOA</subfield>
    <subfield code="d">UA-OsUOA</subfield>
  </datafield>
  <datafield tag="245" ind1=" " ind2=" ">
    <subfield code="a">&#x41F;&#x440;&#x43E; &#x432;&#x43D;&#x435;&#x441;&#x435;&#x43D;&#x43D;&#x44F; &#x437;&#x43C;&#x456;&#x43D; &#x434;&#x43E; &#x43F;&#x43E;&#x441;&#x442;&#x430;&#x43D;&#x43E;&#x432;&#x438; &#x41F;&#x43B;&#x435;&#x43D;&#x443;&#x43C;&#x443; &#x412;&#x435;&#x440;&#x445;&#x43E;&#x432;&#x43D;&#x43E;&#x433;&#x43E; &#x421;&#x443;&#x434;&#x443; &#x423;&#x43A;&#x440;&#x430;&#x457;&#x43D;&#x438; &#x432;&#x456;&#x434; 24 &#x436;&#x43E;&#x432;&#x442;&#x43D;&#x44F; 2003 &#x440;. &#x2116;7 "&#x41F;&#x440;&#x43E; &#x43F;&#x440;&#x430;&#x43A;&#x442;&#x438;&#x43A;&#x443; &#x43F;&#x440;&#x438;&#x437;&#x43D;&#x430;&#x447;&#x435;&#x43D;&#x43D;&#x44F; &#x441;&#x443;&#x434;&#x430;&#x43C;&#x438; &#x43A;&#x440;&#x438;&#x43C;&#x456;&#x43D;&#x430;&#x43B;&#x44C;&#x43D;&#x43E;&#x433;&#x43E; &#x43F;&#x43E;&#x43A;&#x430;&#x440;&#x430;&#x43D;&#x43D;&#x44F;" : &#x41F;&#x43E;&#x441;&#x442;&#x430;&#x43D;&#x43E;&#x432;&#x430; &#x41F;&#x412;&#x421; &#x423;&#x43A;&#x440;&#x430;&#x457;&#x43D;&#x438; &#x432;&#x456;&#x434; 10 &#x433;&#x440;&#x443;&#x434;&#x43D;&#x44F; 2004 &#x440;. &#x2116;18</subfield>
  </datafield>
  <datafield tag="300" ind1=" " ind2=" ">
    <subfield code="a">&#x421;.13</subfield>
  </datafield>
  <datafield tag="955" ind1=" " ind2=" ">
    <subfield code="a">0</subfield>
  </datafield>
  <datafield tag="773" ind1="0" ind2=" ">
    <subfield code="w">0</subfield>
  </datafield>
  <datafield tag="650" ind1=" " ind2="7">
    <subfield code="a">&#x421;&#x443;&#x434;&#x43E;&#x432;&#x430; &#x43F;&#x440;&#x430;&#x43A;&#x442;&#x438;&#x43A;&#x430;</subfield>
    <subfield code="2">UDC</subfield>
  </datafield>
  <datafield tag="999" ind1=" " ind2=" ">
    <subfield code="c">297826</subfield>
    <subfield code="d">297826</subfield>
  </datafield>
</record>
